Management guide to space management (Record no. 17457)

MARC details
000 -LEADER
fixed length control field 00876cab a2200229 4500
001 - CONTROL NUMBER
control field ABS51424
008 - FIXED-LENGTH DATA ELEMENTS--GENERAL INFORMATION
fixed length control field 090401t1994 xxu||||| |||| 00| 0 eng d
035 ## - SYSTEM CONTROL NUMBER
System control number (Sirsi) u26000
041 ## - LANGUAGE CODE
Language code of text/sound track or separate title eng
245 ## - TITLE STATEMENT
Title Management guide to space management
260 ## - PUBLICATION, DISTRIBUTION, ETC.
Date of publication, distribution, etc. 1994
300 ## - PHYSICAL DESCRIPTION
Extent LOAN
350 ## - PRICE (NR) (BK AM CF MU VM SE) [OBSOLETE]
Price 0
490 ## - SERIES STATEMENT
Series statement Facilities Management
Volume/sequential designation Facilities Management Guide 4 September 1994, (16)
520 ## - SUMMARY, ETC.
Summary, etc. This special feature on space management includes a strategic overview of space requirements, assesses employees response to workplace space reviews, advises on working out space provisions and implementing the changes. Case studies and list of useful organisations.
650 ## - SUBJECT ADDED ENTRY--TOPICAL TERM
Topical term or geographic name entry element FACILITIES MANAGEMENT
9 (RLIN) 6240
650 ## - SUBJECT ADDED ENTRY--TOPICAL TERM
Topical term or geographic name entry element SPACE MANAGEMENT
650 ## - SUBJECT ADDED ENTRY--TOPICAL TERM
Topical term or geographic name entry element WORKPLACE MANAGEMENT
690 ## - LOCAL SUBJECT ADDED ENTRY--TOPICAL TERM (OCLC, RLIN)
Topical term or geographic name as entry element OFFICE SERVICES AND ADMINISTRATION
942 ## - ADDED ENTRY ELEMENTS (KOHA)
Suppress in OPAC 0
948 ## - LOCAL PROCESSING INFORMATION (OCLC); SERIES PART DESIGNATOR (RLIN)
c (OCLC) 04/03/1997
Holdings
Withdrawn status Lost status Source of classification or shelving scheme Damaged status Not for loan Home library Current library Shelving location Date acquired Total Checkouts Full call number Barcode Date last seen Copy number Price effective from Koha item type Date last checked out
    Dewey Decimal Classification     London London Journal article 29/01/1996   ABS51424 30042581 06/08/2019 1 06/08/2019 Journal article  
    Dewey Decimal Classification     London London Journal article 29/01/1996 5 ABS51424 30042970 06/08/2019 2 06/08/2019 Journal article 06/05/2003
    Dewey Decimal Classification     London London Journal article 01/03/1996   ABS51424 30046944 06/08/2019 3 06/08/2019 Journal article